| 000 | 00974cab a2200253 4500 | ||
|---|---|---|---|
| 001 | ABS60174 | ||
| 008 | 090401t1999 xxu||||| |||| 00| 0 eng d | ||
| 035 | _a(Sirsi) u91646 | ||
| 041 | _aeng | ||
| 245 | _aUpward and mobile | ||
| 260 | _c1999 | ||
| 350 | _a0 | ||
| 490 |
_aRIBA Journal _vSupplement 106(3) March 1999, (22)(LOAN) |
||
| 520 | _aCASPAR (City-centre Apartments for Single People at Affordable Rents)is the nationwide project to design and develop apartment blocks that will kickstart a new urban private rented housing market. This supplement presents the results of the first two architectural competitions for schemes in Birmingham and Leeds. | ||
| 650 | _aCITY CENTRE APARTMENTS FOR SINGLE PEOPLE AT AFFORDABLE RENTS | ||
| 650 | _aCOMPETITIONS | ||
| 650 | _aFLATS | ||
| 650 | _aJOSEPH ROWNTREE FOUNDATION | ||
| 650 | _aURBAN DEVELOPMENT | ||
| 650 | _aVALUE FOR MONEY | ||
| 690 | _aHOUSING-DEVELOPMENT | ||
| 942 | _n0 | ||
| 948 | _c01/03/1999 | ||
| 999 |
_c58187 _d58187 |
||